000 00600nam a22001937a 4500
999 _c7913
_d7913
003 AR-CdUCM
008 190321b ||||| |||| 00| 0 spa d
020 _a978-612-00-1587-2
040 _aMUNICIPALIDAD PROVINCIAL DEL CUSCO
_cBIBLIOTECA MUNICIPAL DEL CUSCO
082 _a869.56 /
_bAR78
100 _aAru
_922374
245 _aEl lenguaje del silencio :
_bepopeya mágico religiosa /
260 _aCusco :
_bDanny's Graff,
_c2014.
300 _a58 páginas ;
_bilustraciones a color ;
_c29 cm.
650 _aPoesías peruanas
_91481
650 _aSiglo XX
_98
942 _2ddc
_cLIBROS
945 _azta